| 000 -LEADER |
| fixed length control field |
00332nam a22001457a 4500 |
| 003 - CONTROL NUMBER IDENTIFIER |
| control field |
OSt |
| 005 - DATE AND TIME OF LATEST TRANSACTION |
| control field |
20200812131128.0 |
| 008 - FIXED-LENGTH DATA ELEMENTS--GENERAL INFORMATION |
| fixed length control field |
200812b ||||| |||| 00| 0 eng d |
| 020 ## - INTERNATIONAL STANDARD BOOK NUMBER |
| International Standard Book Number |
9789881974068 |
| 082 ## - DEWEY DECIMAL CLASSIFICATION NUMBER |
| Classification number |
020 |
| 110 ## - MAIN ENTRY--CORPORATE NAME |
| Corporate name or jurisdiction name as entry element |
Karty Lee |
| 245 ## - TITLE STATEMENT |
| Title |
Libraries |
| 260 ## - PUBLICATION, DISTRIBUTION, ETC. (IMPRINT) |
| Place of publication, distribution, etc |
Hong Kong |
| Name of publisher, distributor, etc |
Design media publishing |
| Date of publication, distribution, etc |
2011 |
| 942 ## - ADDED ENTRY ELEMENTS (KOHA) |
| Source of classification or shelving scheme |
|